|
|
|
|
| LEADER |
01172nam a2200325 a 4500 |
| 001 |
1383 |
| 003 |
BD-DhAAL |
| 005 |
20150205115456.0 |
| 008 |
150205s1994 caua j b 001 0 eng |
| 010 |
|
|
|a 93004912
|
| 020 |
|
|
|a 1560061472 (alk. paper) :
|c $18.75
|
| 040 |
|
|
|a DLC
|c DLC
|d DLC
|d BD-DhAAL
|
| 042 |
|
|
|a lcac
|
| 050 |
0 |
0 |
|a JC433
|b .N25 1994
|
| 082 |
0 |
0 |
|a 321.8
|2 20
|
| 100 |
1 |
|
|a Nardo, Don,
|d 1947-
|9 7999
|
| 245 |
1 |
0 |
|a Democracy /
|c by Don Nardo.
|
| 260 |
|
|
|a San Diego, CA :
|b Lucent Books,
|c c1994.
|
| 300 |
|
|
|a 128 p. :
|b ill. ;
|c 24 cm.
|
| 440 |
|
0 |
|a Lucent overview series
|9 8000
|
| 490 |
|
|
|a Lucent overview series
|
| 504 |
|
|
|a Includes bibliographical references (p. 121-123) and index.
|
| 520 |
|
|
|a Discusses the concept of democracy as it has developed in America and abroad.
|
| 541 |
|
|
|e 1383
|
| 650 |
|
0 |
|a Democracy
|x Juvenile literature.
|9 8001
|
| 650 |
|
0 |
|a Democracy
|z United States
|x Juvenile literature.
|9 8002
|
| 650 |
|
1 |
|a Democracy.
|9 8003
|
| 942 |
|
|
|2 ddc
|c BK
|
| 999 |
|
|
|c 33594
|d 33594
|
| 952 |
|
|
|0 0
|1 0
|2 ddc
|4 0
|6 321_800000000000000_NAR
|7 0
|9 52478
|a SCL
|b SCL
|c GEN
|d 2015-02-05
|l 2
|m 3
|o 321.8 NAR
|p 3020001383
|r 2025-09-07
|s 2025-08-16
|t 1
|w 2015-02-05
|y BK
|